<?xml version="1.0" encoding="UTF-8"?>
<marc:record xmlns:marc="http://www.loc.gov/MARC21/slim">
   <marc:leader>00000nam a2200000 a 4500</marc:leader>
   <marc:datafield ind1="1" ind2=" " tag="100">
      <marc:subfield code="a">Heufelder, Armin</marc:subfield>
      <marc:subfield code="4">ctb</marc:subfield>
      <marc:subfield code="e">Mitwirkende/-r</marc:subfield>
   </marc:datafield>
   <marc:datafield ind1=" " ind2=" " tag="653">
      <marc:subfield code="a">Klimakterium virile</marc:subfield>
   </marc:datafield>
   <marc:datafield ind1=" " ind2=" " tag="653">
      <marc:subfield code="a">Ratgeber</marc:subfield>
   </marc:datafield>
   <marc:datafield ind1="0" ind2="0" tag="245">
      <marc:subfield code="a">Die Wechseljahre des Mannes</marc:subfield>
   </marc:datafield>
   <marc:datafield ind1="0" ind2="0" tag="245">
      <marc:subfield code="b">fit und vital bleiben</marc:subfield>
   </marc:datafield>
   <marc:datafield ind1="0" ind2="0" tag="245">
      <marc:subfield code="c">Armin Heufelder ...</marc:subfield>
   </marc:datafield>
   <marc:datafield ind1=" " ind2="1" tag="264">
      <marc:subfield code="a">Wien</marc:subfield>
      <marc:subfield code="b">Verl.-Haus der Ärzte</marc:subfield>
      <marc:subfield code="c">2008</marc:subfield>
   </marc:datafield>
   <marc:datafield ind1=" " ind2=" " tag="250">
      <marc:subfield code="a">1. Aufl.</marc:subfield>
   </marc:datafield>
   <marc:datafield ind1="1" ind2=" " tag="520">
      <marc:subfield code="a">Angaben aus der Verlagsmeldung

Die Wechseljahre des Mannes : Fit und vital bleiben / von Armin Heufelder, Detlef Pape, Frank Sommer, Livia Rohrmoser

Fettreiches Essen und wenig Bewegung sind die Huaptgründe, die bei vielen Männern den Speckgürtel wachsen lassen. Nicht selten gesellen sich dann auch Potenzstörungen hinzu und die Betroffenen fühlen sich leer und ausgepowert.
Was tun? Crash-Diäten und jeden tag ins Fitness-Studio, um Fett durch Muskeln zu ersetzen und neue Power aufzutanken? Das ist vielfach leichter gesagt als getan und wer daran scheitert, ist noch frustierter.
Doch es gibt jetzt erfolgreiche ud leicht durchführbare Hilfe: eine Kombination aus einem Testosteron-Präparat mit moderater, licht in den noch so stressigen Alltag einbaubarer Aktivität hilft. Un das nicht nur partiell, sondern dauerhaft. Werh die Therapie konsequent angeht, wird später auch ohne Medikament neu gewonnenes Körpergefühl genießen. Und das ganz leicht und ohne Frustrationserlebnisse.
</marc:subfield>
   </marc:datafield>
   <marc:datafield ind1=" " ind2=" " tag="020">
      <marc:subfield code="a">9783902552235</marc:subfield>
      <marc:subfield code="9">9783902552235</marc:subfield>
   </marc:datafield>
   <marc:datafield ind1=" " ind2=" " tag="020">
      <marc:subfield code="a">3902552239</marc:subfield>
      <marc:subfield code="9">3902552239</marc:subfield>
   </marc:datafield>
   <marc:datafield ind1=" " ind2=" " tag="041">
      <marc:subfield code="a">ger</marc:subfield>
   </marc:datafield>
   <marc:datafield ind1=" " ind2=" " tag="300">
      <marc:subfield code="a">106 S.</marc:subfield>
   </marc:datafield>
</marc:record>
